Código Sanitario: edición oficial, aprobada por Decreto Nº 553, del 30 de Marzo de 1990, del Ministerio de Justicia

Guardat en:
Dades bibliogràfiques
Format: Llibre
Idioma:espanyol
Publicat: Santiago Jurídica de Chile 1990
Edició:7a. ed
Matèries:
Etiquetes: Afegir etiqueta
Sense etiquetes, Sigues el primer a etiquetar aquest registre!

MARC

LEADER 00000nam a2200000 a 4500
001 UCV1851
003 CL-VaPUC
008 910425e19900000CL |||||||||||||||||spa|d
082 0 4 |a 344.8304  |b COD  |2 21 
245 1 0 |a Código Sanitario: edición oficial, aprobada por Decreto Nº 553, del 30 de Marzo de 1990, del Ministerio de Justicia 
250 |a 7a. ed 
300 |a 217 p 
942 |c BK 
945 |d 19910425 00:00:00  |a cmena 
260 |a Santiago  |b Jurídica de Chile  |c 1990 
650 0 |a Derecho de salud  |9 256907 
650 7 |a CODIGO SANITARIO 1988  |2 CL-VaPUC  |9 255369 
651 7 |a CHILE  |2 CL-VaPUC  |9 296045 
583 |a last modification  |c 20111014 11:55:21  |k Rodrigo Vera 
999 |c 209631  |d 209629 
952 |0 0  |1 0  |2 ddc  |4 0  |6 344_830400000000000_COD_1990  |7 0  |8 FOND_LRYV  |9 185168  |a BIBDER  |b BIBDER  |d 2019-11-14  |i 2526158  |o 344.8304 COD 1990  |p 2526158  |r 2023-01-25  |w 2019-11-14  |y BK_X  |k DER